000 00796nab a2200241 u 4500
001 11409
003 HDC
007 cr bn ---aaaaa
008 210207c mydr|nes 0 a eng d
040 _aHDC
245 0 _aKilling propaganda:Lab tests declare polio vaccine Halal
260 _a[no place] :
_b[publisher not identified],
_c[no year]
336 _atext
_2rdacontent
337 _acomputer
_2rdamedia
338 _aonline resource
_2rdacarrier
650 _aPolio disease
_911123
650 _aVaccination
_xHalal
_911723
710 _aGulf Times
856 _zRequest full-text at [email protected]
942 _2lcc
942 _cNEWS
942 _kNWSO 000322
999 _c8732
_d8732